The Treasure of Our Tongue

שמור ב:
מידע ביבליוגרפי
מחבר ראשי: Barnett, Lincoln
פורמט: ספר
שפה:Undetermined
יצא לאור: New York, Estados Unidos Alfred A. Knopf 1969
נושאים:
תגים: הוספת תג
אין תגיות, היה/י הראשונ/ה לתייג את הרשומה!

MARC

LEADER 00000nam a2200000Ia 4500
008 170316s9999 xx 000 0 und d
090 |a 410 B-6t 
100 |a Barnett, Lincoln 
245 4 |a The Treasure of Our Tongue 
260 |a New York, Estados Unidos 
260 |b Alfred A. Knopf 
260 |c 1969 
300 |a 304 páginas 
650 |a LINGÜÍSTICA 
999 |c 18265  |d 18265 
040 |a cru BVZT 
942 |c 15 D  |h 410 B-6t  |2 z